00690nam a2200217Ia 450000500170000000800410001702000180005804000190007604100120009508200190010710000230012624500500014926000320019930000220023150400500025363000420030363000440034565000590038965100140044885000100046220230406114009.0131103s9999 xx 000 0 und d a9780141390864 aLoreto College aEnglish a823.8bWIL-HYD aHyde, H.Montgomery aOscar WildebA biography cH. Montgomery Hyde aLondonbPenguin Booksc2001 axiii,410p.b ill. aIncludes bibliographical references and index aEnglish Drama - History and Criticism aEnglish Fiction - History and Criticism aWilde, Oscar, 1854-1900 - Criticism and Interpretation aBiography aLCLIB